000 00527nam a2200193Ia 4500
005 20250326141648.0
008 250326s9999 xx 000 0 und d
020 _a0-7494-0134-6
037 _aTextbook
040 _aFMSL
_beng
_cFMSL
041 _aeng
_2eng
084 _aX:8 N0
_qFMSL
100 _aStacey R D
_9744400
245 0 _aDynamic strategic management for the 1990
_cStacey R D
260 _aLondon
_bLondon, Kogan Page
_c1990
300 _a218p
942 _cTB
_hX:8 N0
999 _c1291379
_d1291379